| 000 | 00638nam a2200181 a 4500 | ||
|---|---|---|---|
| 005 | 20140412111419.0 | ||
| 008 | 070906s19uu xx 00 eng d | ||
| 020 | _a0-07-146316-x | ||
| 050 |
_aTR(GS 808.04 _bM97 2006 |
||
| 100 | _aMuschla, Cary Robert | ||
| 245 |
_aTeach terrific writing / _cCary Robert Muschla. |
||
| 260 |
_aNew York : _bMcGraw-Hill, _c2006. |
||
| 300 | _a237 | ||
| 500 | _aPerfect for teachers for grades 4-5 | ||
| 650 |
_aEnglish language--composition and exercises _xStudy and teaching _xMiddle School |
||
| 650 |
_aReport Writing Study and teaching _xMiddle school _xTeaching aids and devices |
||
| 999 |
_c105950 _d105950 |
||